000 00290nam a2200133 i 4500
001 bg
245 0 _aAnglo-russkij slovar' po aerogidrodinamike.
260 _aMoskwa,
_c1960.
040 _cBPK
041 _apol
080 _a53
942 _cKS
008 s pl f |000 0 pol
999 _c8314
_d8314